<?xml version="1.0" encoding="UTF-8"?><?xml-stylesheet type="text/xsl" href="static/style.xsl"?><OAI-PMH xmlns="http://www.openarchives.org/OAI/2.0/" xmlns:xsi="http://www.w3.org/2001/XMLSchema-instance" xsi:schemaLocation="http://www.openarchives.org/OAI/2.0/ http://www.openarchives.org/OAI/2.0/OAI-PMH.xsd"><responseDate>2026-06-01T02:17:26Z</responseDate><request verb="GetRecord" identifier="oai:riuma.uma.es:10630/14825" metadataPrefix="marc">https://riuma.uma.es/rest/oai/request</request><GetRecord><record><header><identifier>oai:riuma.uma.es:10630/14825</identifier><datestamp>2026-02-03T11:52:56Z</datestamp><setSpec>com_10630_2254</setSpec><setSpec>col_10630_37959</setSpec></header><metadata><record xmlns="http://www.loc.gov/MARC21/slim" xmlns:dcterms="http://purl.org/dc/terms/" xmlns:doc="http://www.lyncode.com/xoai" xmlns:xsi="http://www.w3.org/2001/XMLSchema-instance" xsi:schemaLocation="http://www.loc.gov/MARC21/slim http://www.loc.gov/standards/marcxml/schema/MARC21slim.xsd">
   <leader>00925njm 22002777a 4500</leader>
   <datafield ind2=" " ind1=" " tag="042">
      <subfield code="a">dc</subfield>
   </datafield>
   <datafield ind2=" " ind1=" " tag="720">
      <subfield code="a">Márquez-Prieto, Antonio</subfield>
      <subfield code="e">author</subfield>
   </datafield>
   <datafield ind2=" " ind1=" " tag="260">
      <subfield code="c">2017-11-23</subfield>
   </datafield>
   <datafield ind2=" " ind1=" " tag="520">
      <subfield code="a">El conferenciante se refirió de forma amplia al proceso histórico de la revoluciones burguesas, destacando el papel de los tres principios que inicialmente componían el tríptico clásico (libertad, igualdad y fraternidad), papel que había resultado ser desigual, puesto que el tercero de ellos fue rápidamente olvidado y, más adelante, a lo largo de la historia, ha podido retornar a los ámbitos jurídico y político con otros nombres, como el de solidaridad. Acerca de la fraternidad detalló, entre otras ideas de importancia, su naturaleza compleja y relacional, puesto que contribuye a explicar también la noción de los otros dos principios. Hizo hincapié en que la fraternidad es un principio de realidad (porque no se elige al hermano) y al mismo tiempo de diferencia (porque permite la integración, no sólo de los iguales, sino también de los diferentes). Por último, lamentó la reciente reducción del tríptico en el ámbito de la Unión Europea, reduciéndolo al lema “libertad, seguridad y justicia”. El hecho de que la justicia asuma el papel que antiguamente ocupaba la fraternidad le llevó a insistir en que la justicia que propicia la fraternidad es de mucho mayor calado.&#xd;
Tras la conferencia, y previa la clausura del acto, se tuvo la oportunidad de iniciar un corto pero muy interesante debate.</subfield>
   </datafield>
   <datafield ind1="8" ind2=" " tag="024">
      <subfield code="a">http://hdl.handle.net/10630/14825</subfield>
   </datafield>
   <datafield tag="653" ind2=" " ind1=" ">
      <subfield code="a">Filosofía politica</subfield>
   </datafield>
   <datafield ind2="0" ind1="0" tag="245">
      <subfield code="a">Cooperación, Solidaridad y Fraternidad</subfield>
   </datafield>
</record>
</metadata></record></GetRecord></OAI-PMH>